Justicia reparadora : mediación penal y probation /

Αποθηκεύτηκε σε:
Λεπτομέρειες βιβλιογραφικής εγγραφής
Κύριος συγγραφέας: David, Pedro R. (coord.)
Άλλοι συγγραφείς: Ceretti, Adolfo (colaboración) (colaboración)
Μορφή: Βιβλίο
Γλώσσα:Ισπανικά
Έκδοση: Buenos Aires, Argentina : Lexis Nexis, 2005, c2005
Θέματα:
Ετικέτες: Προσθήκη ετικέτας
Δεν υπάρχουν, Καταχωρήστε ετικέτα πρώτοι!

MARC

LEADER 00000nam^a2200000^a^4500
001 000295703
005 20250521000000.0
009 20260310112246.014
020 |a 987-592-040-1 
037 |a Acervo ITESO - Biblioteca 
041 |a ESP 
082 |a 345. 8205  |b DAV 
100 |a David, Pedro R.  |e (coord.) 
245 1 0 |a Justicia reparadora :  |b mediación penal y probation /  |c Coord. y pról. de P.R. David ; colaboración de A. Ceretti. 
264 4 |a Buenos Aires, Argentina :  |b Lexis Nexis,  |c 2005, c2005 
300 |a XXVII, 287 p. 
336 |a texto  |b txt  |2 rdacontenido 
337 |a sin mediación  |b n  |2 rdamedio 
338 |a volumen  |b nc  |2 rdasoporte 
649 |a XX 
650 |a Negociación y Mediación -  |z Argentina -  |x Aspectos Jurídicos -  |x Tema Principal 
650 |a Libertad Condicional -  |z Argentina -  |x Tema Principal 
650 |a Cárceles y Centros de Readaptación Social -  |z Argentina 
650 |a Pena (Derecho) -  |z Argentina 
650 |a Justicia -  |x Administración -  |z Argentina 
650 |a Proceso Penal -  |z Argentina 
650 |a Delincuencia Juvenil -  |z Argentina 
650 |a Derecho Procesal Penal -  |z Argentina 
650 |a Derecho Penal -  |z Argentina 
650 |a Derecho Público -  |z Argentina 
700 |a Ceretti, Adolfo  |e (colaboración) 
910 |a Fondo General 
920 |a Impresos - Libros 
930 |a Colección General 
905 |a 101 
901 |a 0500181674  |b IT1  |c ACC  |i C119620  |u 20250521 
902 |a https://opac.biblio.iteso.mx/vufind/Record/000295703